Statistiques concernant Stations de métro de Toulouse par Pictogrammes

Cliquez ici pour prendre le quiz!

Statistiques générales

  • Ce quiz a été pris 234 fois
  • Le résultat moyen est 15 sur 37

Statistiques - réponses

Réponse% Correct
Palais de Justice
94%
Capitole
87%
La Vache
87%
Jean Jaurès
80%
Patte d'Oie
78%
Esquirol
73%
Jeanne d'Arc
69%
Roseraie
67%
Canal du Midi
52%
Bellefontaine
50%
Trois Cocus
48%
Université Paul Sabatier
48%
Faculté de Pharmacie
44%
François Verdier
42%
Minimes Claude Nougaro
36%
Carmes
35%
Reynerie
33%
Saint Michel Marcel Langer
32%
Saint Cyprien République
30%
Empalot
29%
Mirail Université
28%
Arènes
27%
Balma Gramont
27%
Basso Cambo
27%
Borderouge
27%
Bagatelle
26%
Marengo SNCF
26%
Argoulets
24%
Fontaine Lestang
24%
Saouzelong
24%
Mermoz
22%
Ramonville
22%
Compans Caffarelli
21%
Jolimont
21%
Barrière de Paris
18%
Rangueil
15%
Saint Agne SNCF
15%

Distribution des résultats

Percentile par nombre de réponses

% des personnes avec chaque résultat

Votre développement - résultats

Vous n’avez pas pris ce quiz